[Event "IND-ch U19 Girls"]
[Site "New Delhi"]
[Date "2018.12.02"]
[Round "7"]
[White "Ananya, Suresh"]
[Black "Bakshi, Rutuja"]
[Result "0-1"]
[WhiteElo "1961"]
[BlackElo "1981"]
[PlyCount "121"]
[EventDate "2018.11.28"]
[EventType "swiss"]
[EventRounds "11"]
[EventCountry "IND"]
[SourceTitle "CBM 187 Extra"]
[Source "ChessBase"]
[SourceDate "2018.11.04"]
[SourceVersion "1"]
[SourceVersionDate "2018.11.04"]
[SourceQuality "1"]

1. e4 Nf6 2. Nc3 d5 3. e5 Ne4 4. d4 Nxc3 5. bxc3 c5 6. f4 Bf5 7. Bd3 Bxd3 8. Qxd3 c4 9. Qe2 e6 10. Nf3 Nc6 11. 0-0 Qd7 12. a4 Be7 13. Ba3 0-0-0 14. Bxe7 Qxe7 15. Nd2 f5 16. exf6 gxf6 17. Nf3 Rde8 18. Rfe1 Qd6 19. Qd2 Ne7 20. Nh4 Nf5 21. Qf2 Qd7 22. Re2 Nd6 23. Qe1 Rhg8 24. Nf3 Rg4 25. g3 h5 26. Nh4 Ne4 27. Ng2 Reg8 28. Kh1 Qg7 29. Rxe4 dxe4 30. Qxe4 Qd7 31. Re1 R4g7 32. Qxe6 Qxe6 33. Rxe6 Rf8 34. Ne3 Kd7 35. f5 Re8 36. d5 Rge7 37. Kg2 Rxe6 38. dxe6+ Kc6 39. Kf3 Kc5 40. Ke4 Rd8 41. h3 a5 42. g4 b5 43. axb5 a4 44. e7 Re8 45. Nd5 a3 46. Nb4 Rxe7+ 47. Kf4 hxg4 48. hxg4 Kxb5 49. Na2 Rg7 50. Nb4 Rh7 51. Ke4 Re7+ 52. Kd5 Re1 53. Na2 Re5+ 54. Kd6 Ka4 55. Kd7 Re1 56. Kd6 Re5 57. Kd7 Rb5 58. Ke6 Rb2 59. g5 fxg5 60. f6 Rxc2 61. f7 0-1

[Event "IND-ch U19 Girls"]
[Site "Kankarbagh"]
[Date "2017.09.07"]
[Round "7"]
[White "Bakshi, Rutuja"]
[Black "Priyanka, K."]
[Result "1/2-1/2"]
[WhiteElo "1964"]
[BlackElo "2068"]
[PlyCount "83"]
[EventDate "2017.09.03"]
[EventType "swiss"]
[EventRounds "11"]
[EventCountry "IND"]
[SourceTitle "CBM 180 Extra"]
[Source "ChessBase"]
[SourceDate "2017.10.06"]
[SourceVersion "1"]
[SourceVersionDate "2017.10.06"]
[SourceQuality "1"]

1. d4 Nf6 2. Nf3 g6 3. c4 Bg7 4. g3 0-0 5. Bg2 d6 6. 0-0 a6 7. Nc3 Nc6 8. d5 Na5 9. Nd2 c5 10. Rb1 Bd7 11. b4 cxb4 12. Rxb4 Qc7 13. Bb2 Ng4 14. h3 Ne5 15. Nce4 Rfc8 16. Qa1 f5 17. Ng5 Bf6 18. Ne6 Bxe6 19. dxe6 Kg7 20. Kh1 Rab8 21. e4 f4 22. Qb1 Nec6 23. Bxf6+ exf6 24. Rb2 fxg3 25. fxg3 Qe7 26. e5 dxe5 27. Bd5 Nd4 28. Qe4 Nxe6 29. Qg4 Nc5 30. Rb6 Nc6 31. Ne4 Nxe4 32. Qxe4 f5 33. Qb1 Qc7 34. Qb2 Nd4 35. Rb1 Nb5 36. Re6 Nd4 37. Rb6 Re8 38. Qa3 Nc6 39. Bxc6 bxc6 40. Rxb8 Rxb8 41. Rxb8 Qxb8 42. Qe7+ 1/2-1/2